000 00503nam a2200205 a 4500
001 13958
003 CO-ViMGA
008 141112s2004 ck r 000 u spa d
020 _a8487520081
040 _aCO-ViMGA
_bspa
_cCO-ViMGA
082 0 4 _a796.325 D419v
100 1 _aDiaz, Pepe
_920375
245 1 0 _aLa direccion de equipo
250 _a3
260 _aSevilla :
_bWanceulen,
_c1997
300 _a203
590 _aForma de adquisición : Compra
650 1 4 _aVOLEIBOL
_93119
942 _2ddc
_cBK
999 _c24659
_d24659